| 000 -LEADER |
| fixed length control field |
00900cam a2200181 a 4500 |
| 020 ## - INTERNATIONAL STANDARD BOOK NUMBER |
| ISBN |
9746311433 |
| 040 ## - CATALOGING SOURCE |
| Transcribing agency |
DLC |
| 082 00 - DEWEY DECIMAL CLASSIFICATION NUMBER |
| Classification number |
330 SOC 1994 A021 Or. |
| 245 00 - TITLE STATEMENT |
| Title |
Entrepreneurship and socio-economic transformation in Thailand and Southeast Asia : |
| Remainder of title |
proceedings of the seminar of Bangkok, February 1993, Chulalongkorn University / |
| 260 ## - PUBLICATION, DISTRIBUTION, ETC. (IMPRINT) |
| Place of publication |
Bangkok : |
| Name of publisher |
Social Research Institute of Chulalongkorn University, |
| Year of publication |
c1994. |
| 300 ## - PHYSICAL DESCRIPTION |
| Number of Pages |
vi, 338 p. ; |
| Dimensions |
27 cm. |
| 500 ## - GENERAL NOTE |
| General note |
"Chulalongkorn University, Social Research Institute ; French Institute for Scientific Research for Development in Cooperation". |
| 520 ## - SUMMARY, ETC. |
| Summary, etc |
Proceedings of the International Seminar on "Entrepreneurship and Socio-Economic Transformation in Thailand and South East Asia", held in February 1993. |
| 650 #0 - SUBJECT ADDED ENTRY--TOPICAL TERM |
| Topical Term |
Entrepreneurship |
| 650 #0 - SUBJECT ADDED ENTRY--TOPICAL TERM |
| Topical Term |
Entrepreneurship |
| 710 0# - ADDED ENTRY--CORPORATE NAME |
| Corporate name or jurisdiction name as entry element |
Čhulālongkō̜nmahāwitthayālai. |
| 942 ## - ADDED ENTRY ELEMENTS (KOHA) |
| Koha item type |
សៀវភៅភាសាអង់គ្លេស |
| 952 ## - LOCATION AND ITEM INFORMATION (KOHA) |
| Withdrawn status [LOCAL, KOHA] |
0 |